Départements du bassin de la Seine - Statistiques

Statistiques générales
  • Ce quiz a été pris 43 fois
  • Le résultat moyen est 25 sur 30
Statistiques - réponses
Régions % Correct
Paris
97%
Eure
95%
Île-de-France
95%
Marne
92%
Normandie
92%
Seine-et-Marne
92%
Seine-maritime
92%
Seine-Saint-Denis
92%
Bourgogne-Franche-Comté
89%
Eure-et-Loir
89%
Val-de-Marne
89%
Yvelines
89%
Centre-Val-de-Loire
87%
Grand-Est
87%
Hauts-de-Seine
87%
Val-d'Oise
87%
Haute-Marne
84%
Hauts-de-France
82%
Loiret
82%
Oise
82%
Yonne
82%
Essonne
79%
Aube
76%
Côte-d'Or
76%
Meuse
74%
Orne
74%
Aisne
68%
Ardennes
63%
Nièvre
55%
Saône-et-Loire
45%
Aucun quiz correspondant
Distribution des résultats
% des personnes avec chaque résultat
Percentile par nombre de réponses
Votre historique - résultats
Vous n’avez pas pris ce quiz